WHO technical report series; N.841 Cardiovascular disease risk factors: new areas for research

Spremljeno u:
Bibliografski detalji
Glavni autor: OMS
Format: Knjiga
Jezik:Undetermined
Izdano: Geneva OMS 1994
Teme:
Oznake: Dodaj oznaku
Bez oznaka, Budi prvi tko označuje ovaj zapis!
Thư viện lưu trữ: Trung tâm Học liệu Trường Đại học Cần Thơ
LEADER 00623nam a2200193Ia 4500
001 CTU_34662
008 210402s9999 xx 000 0 und d
082 |a 614 
082 |b T255/N841 
100 |a OMS 
245 0 |a WHO technical report series; N.841 
245 0 |b Cardiovascular disease risk factors: new areas for research 
245 0 |c OMS 
260 |a Geneva 
260 |b OMS 
260 |c 1994 
650 |a cardiovascular diseases - prevention and control,cholesterol,hypertension,risk factors,smoking 
904 |i Nguyễn Quang Điền, 991221 
980 |a Trung tâm Học liệu Trường Đại học Cần Thơ